BIBLIOTECA

SENCICO

Rehabilitation & ecology architecture / (Registro nro. 4080)

Detalles MARC
000 -LEADER
fixed length control field 00803nam a22002537a 4500
003 - CONTROL NUMBER IDENTIFIER
control field PE SENCICO BE
005 - DATE AND TIME OF LATEST TRANSACTION
control field 20251020182634.0
008 - FIXED-LENGTH DATA ELEMENTS--GENERAL INFORMATION
fixed length control field 230329b |||||||| |||| 00| 0 eng d
020 ## - INTERNATIONAL STANDARD BOOK NUMBER
International Standard Book Number 9788415223559
040 ## - CATALOGING SOURCE
Original cataloging agency PE SENCICO BE
Transcribing agency PE SENCICO BE
041 ## - LANGUAGE CODE
Language code of text/sound track or separate title eng
082 ## - DEWEY DECIMAL CLASSIFICATION NUMBER
Classification number 720.47
Item number I5R
110 1# - MAIN ENTRY--CORPORATE NAME
9 (RLIN) 238
Corporate name or jurisdiction name as entry element Instituto Monsa de Ediciones
245 1# - TITLE STATEMENT
Title Rehabilitation & ecology architecture /
Statement of responsibility, etc. Instituto Monsa de Ediciones
250 ## - EDITION STATEMENT
Edition statement [1a ed.]
260 ## - PUBLICATION, DISTRIBUTION, ETC.
Place of publication, distribution, etc. sin lugar :
Name of publisher, distributor, etc. Instituto Monsa de Ediciones,
Date of publication, distribution, etc. 2012
300 ## - PHYSICAL DESCRIPTION
Extent [114] p.
Other physical details il. col., lams.,
Dimensions 30 cm.
650 14 - SUBJECT ADDED ENTRY--TOPICAL TERM
9 (RLIN) 806
Topical term or geographic name entry element Arquitectura ecológica
650 24 - SUBJECT ADDED ENTRY--TOPICAL TERM
9 (RLIN) 280
Topical term or geographic name entry element Arquitectura sostenible
650 24 - SUBJECT ADDED ENTRY--TOPICAL TERM
9 (RLIN) 370
Topical term or geographic name entry element Arquitectura de viviendas
650 24 - SUBJECT ADDED ENTRY--TOPICAL TERM
9 (RLIN) 676
Topical term or geographic name entry element Rehabilitación de edificios
910 ## - USER-OPTION DATA (OCLC)
-- hfp
-- hfp
942 ## - ADDED ENTRY ELEMENTS (KOHA)
Source of classification or shelving scheme Dewey Decimal Classification
Koha item type Libros
Existencias
Fecha de la última vez que lo usaron Número de ingreso o de inventario Pago total Signatura topográfica completa Precio efectivo desde Tipo de documento Estado perdido Sistema de clasificación Estado dañado No es para préstamo Retirado Ubicación permanente Ubicación actual Fecha de adquisición
30/03/2023 15989   720.47/I5R 30/03/2023 Libros   Dewey Decimal Classification       Biblioteca Central Lima Biblioteca Central Lima 30/03/2023